|
|
|
|
| LEADER |
01691nam a2200361 a 4500 |
| 001 |
17565 |
| 003 |
BD-DhAAL |
| 005 |
20250129124425.0 |
| 008 |
140610s1991 enka b 001 0 eng d |
| 010 |
|
|
|a 92223118
|
| 020 |
|
|
|a 0862329841 (bound)
|
| 020 |
|
|
|a 086232985X (pbk.)
|
| 035 |
|
|
|a (OCoLC)24866421
|
| 040 |
|
|
|a DJBF
|c DJBF
|d NTRS
|d TxGeoS
|d DLC
|d BD-DhAAL
|
| 042 |
|
|
|a lccopycat
|
| 050 |
0 |
0 |
|a HQ1240
|b .R63 1991
|
| 082 |
0 |
0 |
|a 305.42
|2 20
|
| 100 |
1 |
|
|a Rodda, Annabel.
|9 4881
|
| 245 |
1 |
0 |
|a Women and the environment /
|c prepared by Annabel Rodda.
|
| 260 |
|
|
|a London ;
|a Atlantic Highlands, N.J. :
|b Zed Books,
|c 1991 [third impression 1997].
|
| 300 |
|
|
|a vii, 180 pages :
|b illustrations ;
|c 24 cm.
|
| 490 |
|
|
|a Women and world development series
|
| 504 |
|
|
|a Includes bibliographical references and index.
|
| 526 |
|
|
|x Syed M. Hashemi
Director, BDI.
Course name and no. N/A
|
| 541 |
|
|
|a The university press
|e 17565, 18250
|
| 650 |
|
0 |
|a Women in development.
|9 4883
|
| 650 |
|
0 |
|a Women and the environment.
|9 4884
|
| 650 |
|
0 |
|a Women
|x Social conditions.
|9 4885
|
| 852 |
|
|
|a Ayesha Abed Library
|c General Stacks
|
| 942 |
|
|
|2 ddc
|c BK
|
| 999 |
|
|
|c 14419
|d 14419
|
| 952 |
|
|
|0 0
|1 0
|2 ddc
|4 0
|6 305_420000000000000_ROD
|7 0
|9 24420
|a BRACUL
|b BRACUL
|c GEN
|d 2014-06-10
|l 1
|m 3
|o 305.42 ROD
|p 3010017565
|q 2026-06-07
|r 2025-09-23
|s 2025-09-23
|t 1
|w 2014-06-10
|y BK
|x Transferred from ENH to Ayesha Abed library on 20/12/2023
|
| 952 |
|
|
|0 0
|1 0
|2 ddc
|4 0
|6 305_420000000000000_ROD
|7 0
|9 73877
|a BIGD
|b BIGD
|c GEN
|d 2023-07-06
|e University press
|g 350.00
|l 0
|o 305.42 ROD
|p 3050018250
|r 2023-07-06
|t 2
|w 2023-07-06
|y BK
|x Transferred from BDI to BIGD. Requisitioned by Syed M. Hashemi Director, BDI. Course name and no. N/A
|